NBA Teams by Clue - Statistics

General Stats
  • This quiz has been taken 251 times
  • The average score is 20 of 30
Answer Stats
Hint Answer % Correct
New Yorker Knicks
95%
Dino Raptors
89%
Opposite of Cold Heat
85%
Music Genre Jazz
85%
The Great L_k_s Lakers
84%
Male Queen Kings
81%
Bear Grizzlies
80%
Sting Hornets
80%
Similar to Eagles Hawks
79%
M _ g _ _ ian Magic
78%
NASA Rockets
78%
Ireland Celtics
73%
Sorcery Wizards
73%
Liberty Bell 76ers
70%
Gold Nuggets
69%
Trimmer Clippers
67%
Basketball Equipment Nets
66%
Fish Eating Bird Pelicans
64%
Horned Animal Bulls
60%
Wild Dog Timber Wolves
59%
Machinery Pistons
55%
Fighter Warriors
54%
Money Bucks
53%
Star Suns
52%
Speed Pacers
45%
Pioneer Trail Blazers
45%
Horse riding Spurs
42%
Knight Cavaliers
40%
Plasma Thunder
39%
Calf Mavericks
31%
No matching quizzes found
Score Distribution
Percent of People with Each Score
Percentile by Number Answered
Your Score History
You have not taken this quiz